Christopraxis: Grundzüge theologischer Handlungstheorie

Furkejuvvon:
Bibliográfalaš dieđut
Váldodahkki: Arens, Edmund (Dahkki)
Materiálatiipa: Girji
Giella:duiskkagiella
Almmustuhtton: Friburgo de Brisgovia Herder 1992
Preanttus:1a. ed
Ráidu:Quaestiones Disputatae, 139
Fáttát:
Fáddágilkorat: Lasit fáddágilkoriid
Eai fáddágilkorat, Lasit vuosttaš fáddágilkora!

MARC

LEADER 00000cam a2200000 a 4500
001 UCE7941
003 CL-VaPUC
008 150710e19920000gw |||||||||||||||||ger|d
020 |a 3451021390 
082 0 4 |a 232  |b ARE  |2 21 
100 0 |a Arens, Edmund  |e author  |9 580638 
245 1 0 |a Christopraxis: Grundzüge theologischer Handlungstheorie 
250 |a 1a. ed 
300 |a 174 p 
942 |c BK 
945 |d 20150710 13:45:00  |a gsalatino 
260 |a Friburgo de Brisgovia  |b Herder  |c 1992 
650 0 |a Teología cristiana  |9 308336 
650 0 |a Cristología   |9 315091 
650 0 |a Filosofía cristiana   |9 265980 
583 |a last modification  |c 20150710 13:45:00  |k Rodrigo Vera 
490 0 |a Quaestiones Disputatae, 139 
999 |c 359898  |d 359896 
952 |0 0  |1 0  |3 erb  |4 0  |6 232_000000000000000_ARE_1992  |7 0  |8 A  |9 469492  |a BIBTEO  |b BIBTEO  |e Casale Rolle, Carlos Ignacio, -2014  |i 5183812  |o 232 ARE 1992  |p 5183812  |r 2025-01-17  |w 2019-11-23  |y BK  |z Catalogado en:20150710  |k ICR